| 000 | 00687naa a2200193 4500 | ||
|---|---|---|---|
| 001 | 174846 | ||
| 003 | ES-MaBCM | ||
| 005 | 20241016192021.0 | ||
| 008 | 100208s2008 ita|r0p 0 ||ita d | ||
| 021 | _axx | ||
| 035 | _a(OCoLC)1365173207 | ||
| 040 | _cES-MaBCM | ||
| 100 | 1 |
_aBianchi, Costanza _989547 |
|
| 245 | 1 | 0 |
_aTutela e valorizzazione dei beni culturali dopo la riforma del Titolo V alla luce della giurisprudenza costituzionle _cCostanza Bianchi |
| 650 | 7 |
_aBien cultural _957749 |
|
| 651 | 2 | 4 |
_aItalia _9115380 |
| 773 | 0 |
_aEn: _tNuova rassegna di legislazione, dottrina e giurisprudenza _dFirenze _w104476 _gAnno LXXXII, n. 13-14 (luglio 2008), p. 1453-1467 |
|
| 942 | _cAREV | ||
| 999 |
_c174846 _d174846 |
||